000 01816nam a22003017a 4500
008 250523b |||||||| |||| 00| 0 eng d
020 _a9781399818216
040 _ctbs
041 _aJapanese
_aeng
100 _aGilhooly, Helen
_925341
_eauthor
245 _aBeginners' Japanese
_c/ Helen Gilhooly.
246 _aTeach yourself beginner's Japanese
260 _aLondon :
_bTeach Yourself,
_c2024.
300 _axxx, 226 pages :
_billustrations ;
_c20 cm.
490 _aTeach yourself
505 _aMapped to A1-B1 on the Common European Framework of Reference — Everyday phrases and expressions — A bilingual word list — Practice activities — Listening exercises with online audio.
520 _aBeginners' Japanese is for absolute beginners and those who’ve had some previous experience with the language and want to refresh their knowledge. Clear and simple explanations make the course appropriate and accessible to anyone learning Japanese. There are extensive illustrations and tools to help you plan your studies and track your progress, all designed to support learning on your own. This course is also ideal to use with one-to-one tutoring and as a classroom course, and it’s the perfect resource to pair with a language-learning app.
650 0 _aJapanese language
_vTextbooks for foreign speakers
_xEnglish
_922372
650 0 _aJapanese language
_xConversation and phrase books
_xEnglish
_925342
650 0 _aJapanese language
_xStudy and teaching
_xForeign speakers
_925343
650 0 _aJapanese language
_xGrammar
_925344
655 0 _aPhrase books
_925062
655 0 _aProgrammed instructional materials
_925329
655 0 _aInstructional and educational works
_923270
655 0 _aInformational works
_923310
655 0 _aSelf-instructional works
_925331
942 _2lcc
999 _c4702
_d4702